zpět

Detail výsledku týmu

Stavba, Brno

Datum a čas kvízu

24.5 Celkem bodů Celkový počet nahraných bodů na tomto kvízu bez doplňovacích otázek.
10. Pořadí na kvízu Konečné umístění týmu na tomto kvízu.

Zaznamenané odpovědi

# Otázka Odpověď Body Výsledky
1. Který vysoce postavený český p... Petr Pavel 0
2. Minulé úterý proběhla tiskem z... v Maďarsku 1
3. Minulý týden bylo oznámeno, že... Bohumil Hrabal 1
4. Která zahraniční společnost, p... Tesla 1
5. Která česká tenistka získala n... Petra Kvitová 1
6. V tomto tématu bude vaším úkol... Za humny je drak 1
7. Vyberte jméno, které patří do... A 1
8. Seřaďte následující hlášky pod... 1B 2A 3D 4C 0
9. Věta „Děda je hodný, ale překá... Na samotě u lesa, Komárek 0.5
10. Pěti slovy dokončete hlášku z... nebo se z toho zblázníš 1